|
|
|
|
| LEADER |
01025nam a2200337 4500 |
| 001 |
DLU030024340 |
| 005 |
##00000000000000.0 |
| 008 |
##840402s1971 fr a j d 000 0 fre |
| 010 |
# |
# |
|a 74850410
|
| 035 |
# |
# |
|9 (DLC) 74850410
|
| 040 |
# |
# |
|a DLC
|c CarP
|d DLC
|
| 043 |
# |
# |
|a e-fr---
|
| 050 |
# |
# |
|a CT145
|b .P75
|
| 100 |
# |
# |
|a Prigent, Simone. [from old catalog]
|
| 245 |
# |
# |
|a Qui est-ce?
|
| 260 |
# |
# |
|a [Paris]
|b Hachette
|c [1971]
|
| 300 |
# |
# |
|a 185 p.
|b col. illus.
|c 29 cm.
|
| 650 |
# |
# |
|a Biography
|x Dictionaries
|x French. [from old catalog]
|
| 650 |
# |
# |
|a Biography
|x Juvenile literature. [from old catalog]
|
| 650 |
# |
# |
|a Picture dictionaries, French
|x Juvenile literature. [from old catalog]
|
| 700 |
# |
# |
|a Simoni, Georges, [from old catalog]
|e joint author.
|
| 830 |
# |
# |
|a Les Beaux livres Hachette. [from old catalog]
|
| 992 |
# |
# |
|a 0
|
| 994 |
# |
# |
|a DLU
|
| 900 |
# |
# |
|a True
|
| 911 |
# |
# |
|a Phan Ngọc Đông
|
| 925 |
# |
# |
|a G
|
| 926 |
# |
# |
|a A
|
| 927 |
# |
# |
|a SH
|
| 980 |
# |
# |
|a Thư viện Trường Đại học Đà Lạt
|